Vista normal Vista MARC

Entrada Topical Term

Número de registros utilizados en: 1

001 - CONTROL NUMBER

  • control field: 22218

003 - CONTROL NUMBER IDENTIFIER

  • control field: OSt

005 - DATE AND TIME OF LATEST TRANSACTION

  • control field: 20230915230839.0

008 - FIXED-LENGTH DATA ELEMENTS

  • fixed length control field: 230915|| aca||aabn | a|a d

040 ## - CATALOGING SOURCE

  • Original cataloging agency: OSt
  • Transcribing agency: OSt

150 ## - HEADING--TOPICAL TERM

  • Topical term or geographic name entry element: AÑO 2000 - SISTEMAS DIGITALES

670 ## - SOURCE DATA FOUND

  • Source citation: Work cat.: (OSt)25656: Bustos M., Renato 22217, Año 2000 : , Grijalbo









Instituto Departamental de Cultura del Meta - Red Departamental de Bibliotecas Públicas del Meta.